Erkennen sie diese Vögel am wissenschaftlichen Namen? - Statistiken

Allgemein
  • Dieses Quiz wurde 72 mal gespielt
  • Das Durchschnittsergebnis liegt bei 8 aus 15
Antwortstatistiken
Wissenschaftlicher Name Vogelart % Korrekt
Erithacus rubecula Rotkehlchen
73%
Cuculus canorus Kuckuck
63%
Passer domesticus Haussperling
62%
Dendrocopos Buntspecht
60%
Picus viridis Grünspecht
57%
Upupa epops Wiedehopf
55%
Crex crex Wachtelkönig
53%
Sitta europaea Kleiber
52%
Garrulus glandarius Eichelhäher
50%
Cygnus olor Höckerschwan
48%
Vanellus vanellus Kiebitz
48%
Sylvia atricapilla Mönchsgrasmücke
45%
Perdix perdix Rebhuhn
45%
Accipiter nisus Sperber
45%
Morus bassanus Basstölpel
38%
Keine übereinstimmenden Quizze gefunden
Verteilung der Resultate
Anzahl Personen mit jedem Resultat
Perzentil nach korrekt beantworteten Fragen
Ihre Resultats-Entwicklung
Sie haben dieses Quiz noch nicht gespielt